Statistics for General Knowledge #2

Click here to take the quiz!

General Stats

  • This quiz has been taken 43 times
  • The average score is 11 of 25

Answer Stats

QuestionAnswer% Correct
What sport is played at Wimbledon?Tennis
95%
What is the largest Spanish-speaking city in the world?Mexico City
83%
What does CIA stand for?Central Intelligence Agency
80%
What is the only nation whose flag does not have four sides?Nepal
70%
Who wrote the first James Bond novel?Ian Fleming
68%
Which sport takes place in a Velodrome?Cycling
65%
In what country was Elon Musk born?South Africa
65%
How many Olympic gold medals does Sir Mo Farah have?6
60%
Which social media app did Donald Trump try to block in the US?TikTok
60%
What country won the very first FIFA World Cup in 1930?Uruguay
58%
What year was the United Nations established?1945
53%
Which English football team is known as ‘The Red Devils’?Manchester United
53%
Who wrote A Brief History of Time?Stephen Hawking
45%
The Parthenon Marbles are controversially located in what museum?British Museum
40%
What's a baby rabbit called?Kit
40%
What is the name of the 1976 film about the Watergate scandal?All The President's Men
38%
In which country was footballer Alexis Mac Allister born?Argentina
38%
Name the first actor to play Dumbledore in the Harry Potter films.Richard Harris
28%
What is the largest land carnivore in Great Britain?Badger
23%
The island of Tortuga is part of what country?Haiti
15%
Who has won the most total Academy Awards?Walt Disney
15%
How many cards are there in a deck of Uno?108
10%
What does the licence plate on the DeLorean say in "Back To The Future"?OUTATIME
10%
What is a group of pandas known as?Embarrassment
8%
In the state of Georgia, it’s illegal to eat what with a fork?Fried Chicken
8%

Score Distribution

Percentile by Number Answered

Percent of People with Each Score

Your Score History

You have not taken this quiz